Normal view
MARC view
Entry Nombre personal
001 - NÚMERO DE CONTROL
- campo de control: 1062
003 - IDENTIFICADOR DE NÚMERO DE CONTROL
- campo de control: DLC
005 - FECHA Y HORA DE LA ÚLTIMA TRANSACCIÓN
- campo de control: 20260416135616.0
008 - ELEMENTOS DE DATO DE LONGITUD-FIJA
- campo de control de longitud fija: 781212n| azannaabn |b aaa
010 ## - NÚMERO DE CONTROL DE LA BIBLIOTECA DEL CONGRESO
- Número de control de LC: n 78093612
035 ## - NÚMERO DE CONTROL DEL SISTEMA
- Número de control de sistema: (OCoLC)oca00228710
040 ## - FUENTE DE CATALOGACIÓN
- Centro catalogador/agencia de origen: DLC
- Lengua de catalogación: eng
- Normas de descripción: rda
- Centro/agencia transcriptor: DLC
- Centro/agencia modificador: DLC
- Centro/agencia modificador: OCoLC
- Centro/agencia modificador: IlMpPL
- Centro/agencia modificador: OCoLC
046 ## - FECHAS CON CODIFICACIÓN ESPECIAL
- Fecha de nacimiento: 1947-02-22
- Fuente del esquema de fecha: edtf
053 #0 - NÚMERO DE CLASIFICACIÓN LC
- Número de clasificación–único número o número inicial del rango: PS3566.A8242
100 1# - ENCABEZAMIENTO-NOMBRE DE PERSONA
- Nombre de persona: Patterson, Richard North
373 ## - GRUPO ASOCIADO
- Grupo asociado: United States. Securities and Exchange Commission
- Fuente del término: naf
374 ## - OCUPACIÓN
- Ocupación: Lawyers
- Ocupación: Authors
- Ocupación: Novelists
- Fuente del término: lcsh
400 1# - TRAZADO DE VÉASE--NOMBRE DE PERSONA
- Nombre de persona: פאטרסון, ריציארד ורתי
400 1# - TRAZADO DE VÉASE--NOMBRE DE PERSONA
- Nombre de persona: פאטרסון, ריצ׳ארד נורת׳. כהן, רותי
400 1# - TRAZADO DE VÉASE--NOMBRE DE PERSONA
- Nombre de persona: פטרסון, ריצ׳רד נורת
670 ## - FUENTE DE DATOS ENCONTRADOS
- Cita de la fuente: His The Lasko tangent, c1979:
- Información encontrada: t.p. (Richard North Patterson) CIP pub. info. (attorney, San Francisco)
670 ## - FUENTE DE DATOS ENCONTRADOS
- Cita de la fuente: His Escape the night, c1983:
- Información encontrada: CIP t.p. (Richard North Patterson) data sheet (b. 2/22/47)
670 ## - FUENTE DE DATOS ENCONTRADOS
- Cita de la fuente: Loss of innocence, c2013:
- Información encontrada: container (Richard North Patterson is the author of a number of bestselling novels; formerly a trial lawyer, he was the SEC's liason to the Watergate special prosecutor and has served on the boards of several Washington advocacy groups)